| 000 | 00428nam a2200181Ia 4500 | ||
|---|---|---|---|
| 005 | 20240913125743.0 | ||
| 008 | 240913s9999||||xx |||||||||||||| ||und|| | ||
| 041 | _aENGLISH | ||
| 082 | _A658.5 M1 | ||
| 100 | _aWhite,John | ||
| 245 | 0 | _aProduction Hand book | |
| 250 | _a4th | ||
| 260 |
_c1981 _bJohn Wiley,New York |
||
| 500 | _aREFERENCE | ||
| 650 |
_aProduction _bManagement Studies |
||
| 942 | _cREF | ||
| 999 |
_c246196 _d246196 |
||